00343pab a2200121 454500008004000000100001800040245008000058260000900138300001400147362001200161650002100173773002700194180718b2002 xxu||||| |||| 00| 0 eng d aJafri, S.S.A. aSocio-economic conditions of the Hindu OBCs in urban areas of Uttar Pradesh c2002 ap.231-44. aApr-Sep aBackward classes aEastern Anthropologist